000 00897cam a2200277Ka 4500
008
020 _a095212694X (pbk.)
049 _aMAIN
090 _aZ674.8.159
100 1 _aZell, Hans M.
245 1 4 _aThe electronic African bookworm :
_ba web navigator /
_ccompiled by Hans M. Zell.
250 _aPrint version.
260 _aOxford, England :
_bAfrican Books Collective,
_c1998.
300 _ax, 134 p. ;
_c21 cm.
500 _aSpiral bound.
530 _aElectronic version available online via the World Wide Web.
651 0 _aAfrica
_xComputer network resources
_vDirectories.
650 0 _aInternet addresses
_vDirectories.
650 0 _aWorld Wide Web.
650 0 _aWeb sites
_vDirectories.
907 _a.b10028328
_b07-02-06
_c17-04-03
003
005 20230123134150.0
040 _cNUST
942 _cBOOKS
_kZ674.8.159
999 _c161174
_d161174